Normal view
MARC view
- Livsey Billy
Entry Personal Name
001 - CONTROL NUMBER
- control field: 25142
003 - CONTROL NUMBER IDENTIFIER
- control field: IT-RoPau
005 - DATE AND TIME OF LATEST TRANSACTION
- control field: 20140515105347.0
008 - FIXED-LENGTH DATA ELEMENTS
- fixed length control field: 140515|| aca||aabn | a|a d
040 ## - CATALOGING SOURCE
- Original cataloging agency: IT-RoPau
- Transcribing agency: IT-RoPau
100 ## - HEADING--PERSONAL NAME
- Personal name: Livsey Billy
- Miscellaneous information: Codice autore testo/musica SPICS: 25676
- Relator term: Autore testo/musica
- Name of part/section of a work: You Belong To Me
670 ## - SOURCE DATA FOUND
- Source citation: Work cat.: (IT-RoPau)99537: AA.VV. 794, Giving You The Best That I Got (Lp 96 0827)